Základy sociální pedagogiky

Gespeichert in:
Bibliographische Detailangaben
1. Verfasser: Kraus, Blahoslav (Verfasst von)
Format: Buch
Sprache:Tschechisch
Veröffentlicht: Praha : Portál, 2008
Ausgabe:1. vyd.
Schlagworte:
Online-Zugang:OBSAH
Tags: Tag hinzufügen
Keine Tags, Fügen Sie das erste Tag hinzu!

MARC

LEADER 00000nam a22000003a 4500
001 stu201627
005 20150617230107.2
008 100326s2008----xr------------------cze-d
020 |a 978-80-7367-383-3 
040 |a STU  |b slo 
041 0 |a cze 
044 |a xr 
080 |a 37 
100 1 |a Kraus, Blahoslav  |4 aut 
245 1 |a Základy sociální pedagogiky 
250 |a 1. vyd. 
260 |a Praha :  |b Portál,  |c 2008 
300 |a 215 s 
650 7 |a sociálna pedagogika  |2 stusub 
856 4 |a https://sweb.mtf.stuba.sk/obsahy/zaklady_socialni_pedagogiky_08.pdf  |u https://sweb.mtf.stuba.sk/obsahy/zaklady_socialni_pedagogiky_08.pdf  |3 OBSAH 
996 |b 284M078029  |c M*12692-3  |l MMST  |s A  |a 24  |w stu201627_0002 
996 |b 284M078028  |c M*12692-2  |l MMKN  |s A  |a 24  |w stu201627_0003